Fruit of knowledge, wheel of learning essays in honour of Carole Hillenbrand (Record no. 1226874)

MARC details
000 -LEADER
fixed length control field 00634nam a2200217Ia 4500
005 - DATE AND TIME OF LATEST TRANSACTION
control field 20241129110001.0
008 - FIXED-LENGTH DATA ELEMENTS--GENERAL INFORMATION
fixed length control field 241129s9999||||xx |||||||||||||| ||und||
020 ## - INTERNATIONAL STANDARD BOOK NUMBER
International Standard Book Number 978-1-909942-59-2
037 ## - SOURCE OF ACQUISITION
Stock number TB
040 ## - CATALOGING SOURCE
Original cataloging agency ARTS
Language of cataloging eng
Transcribing agency ARTS
041 ## - LANGUAGE CODE
Language code of text/sound track or separate title eng
Source of code eng
084 ## - COLON CLASSIFICATION NUMBER
Classification number NA(Q7)vN41 R2
Assigning agency ARTS
100 ## - MAIN ENTRY--PERSONAL NAME
Personal name Gibson Melanie Ed.
9 (RLIN) 724663
245 #0 - TITLE STATEMENT
Title Fruit of knowledge, wheel of learning essays in honour of Carole Hillenbrand
Statement of responsibility, etc. Gibson Melanie Ed.
260 ## - PUBLICATION, DISTRIBUTION, ETC.
Place of publication, distribution, etc. UK
Name of publisher, distributor, etc. Gingko
Date of publication, distribution, etc. 2022
300 ## - PHYSICAL DESCRIPTION
Extent 286p.
365 ## - TRADE PRICE
Price type code USD
Price amount 85
650 ## - SUBJECT ADDED ENTRY--TOPICAL TERM
Topical term or geographic name entry element ArtsIslam
9 (RLIN) 726744
942 ## - ADDED ENTRY ELEMENTS (KOHA)
Koha item type Textbook
Classification part NA(Q7)vN41 R2
Holdings
Withdrawn status Lost status Damaged status Not for loan Home library Current library Date acquired Source of acquisition Cost, normal purchase price Inventory number Total Checkouts Full call number Barcode Date last seen Price effective from Koha item type
        Arts Library Arts Library 2024-11-29 Segment Book Distributors 85.00 65723 & 01/03/2023   NA(Q7)vN41 R2 AL1667907 2024-11-29 2024-11-29 Textbook
Copyright @ Delhi University Library System